Oliver octopus

Bibliographic Details
Main Author: Butterworth, Ben
Format: Book
Published: United Kingdom : Ladybird Books , 19-
Subjects:

MARC

LEADER 00000cam a2200000 7i4500
001 0000003265
002 000003522
005 20000330.0
020 |a 072140670X 
090 0 0 |a JF   |b BUT 
100 1 |a Butterworth, Ben 
245 1 0 |a Oliver octopus   |c Ben Butterworth ; illustrated by Kathie Layfield 
260 |a United Kingdom :   |b Ladybird Books ,   |c 19- 
300 |a 26p. :   |b ill ;   |c 18cm. 
650 0 0 |a Children's stories 
999 |a 035698   |b BUKU   |c PINJAMAN   |e PERPUSTAKAAN KOMUNITI PETALING JAYA 
999 |a 036985   |b BUKU   |c PINJAMAN   |e PERPUSTAKAAN KOMUNITI PETALING JAYA